000
00221nam a2200097Ia 4500
005
20251222114350.0
008
251222s1900||||xx |||||||||||||| ||spa||
082
_a
DVD0099/B61
245
0
_a
El origen del hombre:
942
_c
DVD
999
_c
1188
_d
1188